|
|
|
|
| LEADER |
00000cam a2200000 7i4500 |
| 001 |
0000081645 |
| 005 |
20181231.0 |
| 008 |
181231 |
| 020 |
|
|
|a 0195819136
|
| 090 |
0 |
0 |
|a REF
|b CHI
|
| 100 |
1 |
|
|a Salt,Laura E.
|
| 245 |
1 |
0 |
|a Tumbuh-tumbuhan
|c Laura E.Salt;Terjemahan Wan Mohamad Wan Muda
|
| 260 |
|
|
|a Kuala lumpur :
|b Fajar bakti sdn.bhd. ,
|c 1982
|
| 490 |
1 |
|
|a Siri perpustakaan kanak-kanak fajar bakti
|
| 999 |
|
|
|a 0000208980
|b Book
|c REFERENCE
|e Cawangan Pontian
|
| 999 |
|
|
|a 0000209012
|b Book
|c REFERENCE
|e Cawangan Bandar Penawar
|
| 999 |
|
|
|a 0000209013
|b Book
|c REFERENCE
|e Cawangan Bandar Penawar
|